วิทยาลัยพยาบาลบรมราชชนนี ยะลา
ระบบห้องสมุดอัตโนมัติ ULIBM BCNYALA - V.6
เปลี่ยนเป็นภาษาไทย

Change to English
 แสดงรายละเอียดบรรณานุกรม
  กลับหน้าหลัก

Brief Record : Get Marc (ISO 2709) : E-mail record : QR code ปิดหน้าต่าง
เปลี่ยนธุรกิจในยุคดิจิทัล STEP BY STEP Review โดย
ใช้งานได้ทุกระบบ
ห้องสมุดวพบ.ยะลา
ใช้งานได้ทุกระบบ เมื่อ23/เมษายน/2569
สารบัญ
บทที่ 1 เพราะการแข่งขันเปลี่ยนไป
บทที่ 2 ลูกค้าเปลี่ยนไป การตลาดก็ต้องเปลี่ยนตาม
บทที่ 3 Data จุดเริ่มต้นในการทำ Digital Transformation 
บทที่ 4 สร้าง Innovation ที่ไม่ได้มองแค่โมเดลทางธุรกิจในปัจจุบัน
บทที่ 5 Transform ธุรกิจของคุณเป็น Digital Business ในยุค Digital

E-books : เกี่ยวกับ Collections
LEADER 00000nam 2200000uu 4500
001    3855
003     ULIBM
008    260423s2562||||th 000 0 tha d
020    ^a9786168056547
050  4 ^aHF5548^bธ149ป
100 0  ^aธนพงศ์พรรณ ธัญญรัตตกุล
245 10 ^aเปลี่ยนธุรกิจในยุคดิจิทัล STEP BY STEP=^bDIGITAL TRANSFORMATION IN ACTION /^cธนพงศ์พรรณ ธัญญรัตตกุล
246 31 ^aDIGITAL TRANSFORMATION IN ACTION
250    ^aพิมพ์ครั้งที่ 5
260    ^aกรุงเทพฯ :^bซีแอนด์เอ็นบุ๊ค,^c2562.
300    ^a215 หน้า :^bภาพประกอบ ;^c24 ซม.
650  7 ^aธุรกิจ
650  7 ^aธุรกิจดิจิทัล
999    ^aอีมาน
รายการนี้ยังไม่มีแท็ก
คุณยังไม่ได้ล็อกอิน คุณสามารถมีกิจกรรมร่วมกับเว็บไซต์ได้ แต่ต้องล็อกอินก่อน ::
  ล็อกอิน
ลำดับที่ ประเภท เลขเรียก สถานที่ สถานะ
1. หนังสือทั่วไป
หนังสือทั่วไป
HF5548 ธ149ป 2562 ฉ.1 
  
ห้องสมุดวพบ.ยะลา
►หนังสือทั่วไปภาษาไทย
On Shelf
2. หนังสือทั่วไป
หนังสือทั่วไป
HF5548 ธ149ป 2562 ฉ.2 
  
ห้องสมุดวพบ.ยะลา
►หนังสือทั่วไปภาษาไทย
On Shelf
3. หนังสือทั่วไป
หนังสือทั่วไป
HF5548 ธ149ป 2562 ฉ.3 
  
ห้องสมุดวพบ.ยะลา
►หนังสือทั่วไปภาษาไทย
On Shelf
   [แสดง 3/3 รายการ]

รายการใกล้เคียง
    หัวเรื่อง [ธุรกิจ]

BibComment


ยังไม่เคยถูกคอมเมนท์

คอมเมนท์ทรัพยากรรายการนี้
  คอมเมนท์: เปลี่ยนธุรกิจในย..
Bib 3855

 
 
 

 Union Library Management : ULibM

ดูหนังออนไลน์

Copyright 2026. All Rights Reserved.